00646nam a2200205Ia 450000500170000000800460001703700110006304000080007404000080008204000080009004100080009804100080010608400080011410000380012224501220016026000090028230000100029165000110030170001280031220260430150203.0008 250103s9999 xx 000 0 eng d aTheses aCRL beng ceng 2eng aeng qCRL aShri Bhagwan Au.; Sharma J.P. Gu. 3aAn explanatory study on factors promoting participation among pro-kabaddi and national level kabaddi players of India c2021 a149p. aSports aUniversity of Delhi. Faculty of Interdisciplinary & Applied Sciences . Department of Physical Education and Sports Sciences